000 00392pab a2200157 454500
008 180718b2007 xxu||||| |||| 00| 0 eng d
100 _aMukherjee, Dhurjati
245 _aIndia's rural scenario: development priorities and social action
260 _c2007
300 _ap.14-18.
362 _aAug
650 _aRural development
773 _aKurukshetra
908 _aN
909 _a75549
999 _c75549
_d75549